| 000 | 00386nam a22001577a 4500 | ||
|---|---|---|---|
| 003 | macl | ||
| 005 | 20240905114100.0 | ||
| 008 | 240905b |||||||| |||| 00| 0 eng d | ||
| 040 | _cmacl | ||
| 082 | _a741.64 / GOS-2 | ||
| 100 |
_a Goswami,Anuradha _982469 |
||
| 245 | _aTales From Purana | ||
| 260 |
_aKolkata _bNatun Shatak _c2009 |
||
| 650 |
_aChildern Book _916102 |
||
| 942 |
_2ddc _cBK |
||
| 999 |
_c66980 _d66980 |
||